000 00369nam a2200157Ia 4500
008 230312s9999||||xx |||||||||||||| ||und||
020 _a81-203-4339-9
082 _a005.133
_bDEI-C
100 _aDeitel;Paul
245 0 _aC++ How To Program
260 _bPHI
_aIndia
_c2012
300 _a1069
546 _aEng.
650 _aComputer
_vC++ How To Program
942 _cBK
999 _c9257
_d9257